000 00653nas a2200229 4500
001 BR9103106
003 BR-BrBNA
005 20231205092045.0
007 ta
008 230509b bl.|||p| |||| 00| 00por d
040 _aBR-BrBNA
_bpor
_cBiblioteca Nacional de Agricultura
041 _a(Pt)
072 _aL74
100 1 _aSchultz, L.H.
245 1 _aAlimentos volumosos e deslocamento do abomaso
650 _aRUMINANTE
650 _aABOMASO
650 _aDISTURBIO ANIMAL
773 0 _tGado Holandes (Brazil)
_xISSN 0101-7977
_g(Dec 1989), v. 55(169) p. 108-109
_wBR9103106
909 _a202311
_bLúcia
_c55
_dLúcia Elande
942 _2AGRIS
_n0
_cANA
999 _c128999
_d128999